El problema de la verdad en la metafísica de Aristóteles
Saved in:
| Hovedforfatter: | |
|---|---|
| Format: | Bog |
| Sprog: | spansk |
| Udgivet: |
Valparaíso
Universidad Católica de Valparaíso
1970
|
| Serier: | Instituto de Filosofía Serie Monografías, Universidad Católica de Valparaíso, FA2 10
|
| Fag: | |
| Tags: |
Tilføj Tag
Ingen Tags, Vær først til at tagge denne postø!
|
MARC
| LEADER | 00000nam a2200000 a 4500 | ||
|---|---|---|---|
| 001 | UCW8595 | ||
| 003 | CL-VaPUC | ||
| 008 | 881006e19700000CL |||||||||||||||||spa|d | ||
| 082 | 0 | 4 | |a 185 |b GOM |2 21 |
| 100 | |a Gómez-Lobo M., Alfonso |e author |9 591716 | ||
| 245 | 1 | 3 | |a El problema de la verdad en la metafísica de Aristóteles |
| 300 | |a 38 p | ||
| 942 | |c BK | ||
| 945 | |d 19881006 00:00:00 | ||
| 260 | |a Valparaíso |b Universidad Católica de Valparaíso |c 1970 | ||
| 600 | 0 | |a Aristóteles, |d 384 a.C.- 322 a.C. |9 194 | |
| 650 | 0 | |a Verdad |9 313815 | |
| 583 | |a last modification |c 19881006 00:00:00 |k Rodrigo Vera | ||
| 490 | 0 | |a Instituto de Filosofía Serie Monografías, Universidad Católica de Valparaíso, FA2 10 | |
| 999 | |c 220926 |d 220924 | ||
| 952 | |0 0 |1 0 |4 0 |6 185_000000000000000_GOM_1970 |7 0 |8 P |9 213754 |a BIBEDU |b BIBEDU |c BIBEDU_PB |d 2019-11-15 |i 2820536 |o 185 GOM 1970 |p 2820536 |r 2024-01-25 |w 2019-11-15 |y BK |k FIL | ||
| 952 | |0 0 |1 0 |4 0 |6 185_000000000000000_GOM_1970 |7 0 |8 P |9 213755 |a BIBEDU |b BIBEDU |d 2019-11-15 |i 2820544 |l 4 |o 185 GOM 1970 |p 2820544 |r 2022-09-22 |s 2022-08-23 |w 2019-11-15 |y BK |k FIL | ||
| 952 | |0 0 |1 0 |4 0 |6 185_000000000000000_GOM_1970 |7 0 |8 P |9 213756 |a BIBEDU |b BIBEDU |c BIBEDU_PB |d 2019-11-15 |i 1514083 |o 185 GOM 1970 |p 1514083 |r 2024-01-25 |w 2019-11-15 |y BK |k FIL | ||
| 952 | |0 0 |1 0 |4 0 |6 185_000000000000000_GOM_1970 |7 0 |8 P |9 213757 |a BIBEDU |b BIBEDU |c BIBEDU_PB |d 2019-11-15 |i 1514091 |l 1 |o 185 GOM 1970 |p 1514091 |r 2024-01-25 |s 2023-12-06 |w 2019-11-15 |y BK |k FIL | ||